| 000 | 00448cam a2200181ua 4500 | ||
|---|---|---|---|
| 001 | 3239 | ||
| 008 | 111013n ii |||gr||||Z||||||asm | ||
| 040 | _cMAIN | ||
| 082 | _a891.4513 | ||
| 100 | 1 |
_aRangmaan, _eAuthor. |
|
| 245 | 1 | 1 |
_aChakravedi bhaskar _cby Rangmaan |
| 250 | _a2nd. | ||
| 260 |
_aKolkatta: _bShree bhumi publishing company,968. |
||
| 300 |
_a146p: _c23cm. |
||
| 653 | _aAssamese novel | ||
| 653 | _aChakravedi bhaskar | ||
| 942 | _cBK | ||
| 999 |
_c3085 _d3085 |
||